000 00905nam a2200277Ia 4500
003 OSt
005 20220930080017.0
006 a|||||r|||| 00| 0
007 ta
008 220926b |||||||| |||| 00| 0 hin d
024 _a84950
037 _cTheses
040 _aCRL
_cCRL
_bhin
041 _2hin
_ahin
100 _aVerma Mukesh Kumar
_9537866
110 _aUniversity of Delhi. Faculty of Arts. Department of Buddhist Studies
245 0 _aBharatiya darshan ko bodh math ka yogdan
260 _aDelhi
_bUniversity of Delhi India
_c2005
300 _a285p.
_ap.
_ccm.
650 _aBUDDHISM
700 _a Dr. Bhikshu Satyapala Gu.
700 _a Dr. Tulsiram Sharma Gu.
_9535845
700 _aUniversity of Delhi. Faculty of Arts. Department of Buddhist Studies
942 _cDIS
_2CC
999 _c869124
_d869124